| 000 | 01579nam a2200445 i 4500 | ||
|---|---|---|---|
| 001 | 197689 | ||
| 003 | ES-MaACL | ||
| 005 | 20250827062645.0 | ||
| 007 | ta | ||
| 008 | 921013s1989 sp | |||| ||spa d | ||
| 016 | 7 |
_abimoBNE19930213219 _zSIC92008550 _2SpMaBN |
|
| 017 |
_aM 17876-1989 _bOficina Depósito Legal Madrid |
||
| 020 | _a8434003244 | ||
| 024 | 7 |
_a007-88-021-4 _2nipo |
|
| 035 | _a(OCoLC)433451036 | ||
| 035 | _a(SpMaBN)Mimo0000296324 | ||
| 035 | _a991055806449708606 | ||
| 040 |
_aSpMaBN _bspa _cSIC |
||
| 080 | _a343.1(460)"1882"(094.5) | ||
| 110 | 1 |
_aEspaña _93622 |
|
| 240 | 1 | 0 | _aLey de enjuiciamiento criminal, 1882 |
| 245 | 1 | 0 | _aEnjuiciamiento criminal |
| 250 | _a[11ª ed.] | ||
| 260 |
_aMadrid : _bBoletín Oficial del Estado, _c1989. |
||
| 300 |
_a633 páginas : _c20 cm |
||
| 336 |
_2rdacontent _atexto |
||
| 337 |
_2rdamedia _asin mediación |
||
| 338 |
_2rdacarrier _avolumen |
||
| 490 | 1 |
_aColección Textos legales ; _v40 |
|
| 500 | _aIndice | ||
| 650 | 4 |
_aProcedimiento penal- _zEspaña _2embne _916429 |
|
| 655 | 0 |
_aLegislación _9226283 |
|
| 830 | 0 |
_aColección Textos legales ; _v40 _9179180 |
|
| 852 |
_aES-MaACL _cDEPO1 _jA-15758 _hDonación: Centro de Información Documental de Archivos _xEncuadernación rústica _9206116 |
||
| 914 |
_aCentro de Información Documental de Archivos _ednr |
||
| 942 |
_n0 _cMONOGRAFIA |
||
| 999 |
_c197689 _d197689 |
||